<?xml version="1.0" encoding="UTF-8"?>
<marc:record xmlns:marc="http://www.loc.gov/MARC21/slim">
   <marc:leader>00000nam a2200000 a 4500</marc:leader>
   <marc:datafield ind1="1" ind2=" " tag="100">
      <marc:subfield code="a">O'Brien, Tim</marc:subfield>
      <marc:subfield code="4">aut</marc:subfield>
      <marc:subfield code="e">Verfasser/-in</marc:subfield>
   </marc:datafield>
   <marc:datafield ind1=" " ind2=" " tag="653">
      <marc:subfield code="a">USA / Belletristik</marc:subfield>
   </marc:datafield>
   <marc:datafield ind1="0" ind2="0" tag="245">
      <marc:subfield code="a">America Fantastica</marc:subfield>
   </marc:datafield>
   <marc:datafield ind1="0" ind2="0" tag="245">
      <marc:subfield code="b">Roman</marc:subfield>
   </marc:datafield>
   <marc:datafield ind1="0" ind2="0" tag="245">
      <marc:subfield code="c">O'Brien, Tim</marc:subfield>
   </marc:datafield>
   <marc:datafield ind1=" " ind2="1" tag="264">
      <marc:subfield code="a">Hamburg</marc:subfield>
      <marc:subfield code="b">HarperCollins</marc:subfield>
      <marc:subfield code="c">2026</marc:subfield>
   </marc:datafield>
   <marc:datafield ind1=" " ind2=" " tag="250">
      <marc:subfield code="a">1. Auflage</marc:subfield>
   </marc:datafield>
   <marc:datafield ind1="1" ind2=" " tag="520">
      <marc:subfield code="a">Einst Star-Journalist, lässt den in Ungnade gefallenen Boyd Halverson seine Vergangenheit einfach nicht los, während ihn die Gegenwart zermürbt. Also beschließt er eines Tages, die lokale Bank auszurauben, eine Geisel zu nehmen und abzuhauen, um eine Rechnung zu begleichen – mit dem Mann, dem er die Schuld an seinem verpfuschten Leben gibt. Doch das gestohlene Geld übersteigt nicht mal Boyds eigene Rücklagen, und Angie Bing, die Bankangestellte, mit der er immer ganz gerne geflirtet hat, stellt sich als ganz schön aufmüpfige Geisel heraus. Für die beiden beginnt ein Roadtrip in die Untiefen einer von Scham und Betrug zerfressenen Nation – mit einigen gefährlichen Verfolgern auf den Fersen. Nur die Polizei scheint sich nicht für Boyd und Angie zu interessieren …</marc:subfield>
   </marc:datafield>
   <marc:datafield ind1=" " ind2=" " tag="020">
      <marc:subfield code="a">9783365012291</marc:subfield>
      <marc:subfield code="9">9783365012291</marc:subfield>
   </marc:datafield>
   <marc:datafield ind1=" " ind2=" " tag="020">
      <marc:subfield code="a">336501229X</marc:subfield>
      <marc:subfield code="9">336501229X</marc:subfield>
   </marc:datafield>
   <marc:datafield ind1=" " ind2=" " tag="041">
      <marc:subfield code="a">ger</marc:subfield>
   </marc:datafield>
   <marc:datafield ind1=" " ind2=" " tag="338">
      <marc:subfield code="a">Band</marc:subfield>
   </marc:datafield>
   <marc:datafield ind1=" " ind2=" " tag="300">
      <marc:subfield code="a">526 Seiten</marc:subfield>
   </marc:datafield>
</marc:record>
